000 00262pab a2200109 454500
008 180718b xxu||||| |||| 00| 0 eng d
100 _aSaha, B.P
245 _aPolice in chains - erosion of Professionalism
650 _aPolice
773 _aStatesman
909 _a21844
999 _c21844
_d21844